Piłkarze z Ekstraklasy 2025/26 do klubu - Nagła śmierć - Statystyki

Ogólne statystyki
  • Ten quiz został rozwiązany 226 razy
    59 od ostatniego zresetowania
  • Średni wynik to 12 z 36
Answers on the Grid
Answers color-coded by a green-red scale on the quiz's grid according to % correct below.
J. Atanasov - Cracovia
D. Piła - Cracovia
M. Kaput - Cracovia
L. Wahlqvist - Cracovia
F. Hiszpański - Wisła Płock
K. Pomorski - Wisła Płock
J. Kubicki - Wisła Płock
M. Ambrosiewicz - Wisła Płock
R. Janicki - Górnik Zabrze
D. Szala - Górnik Zabrze
P. Walemark - Górnik Zabrze
S. Akere - Górnik Zabrze
C. Donis - Radomiak Radom
B. Jordao - Radomiak Radom
B. Kapustka - Radomiak Radom
L. Rocha - Radomiak Radom
A. Putivtsev - Bruk-Bet T. Nieciecza
I. Strzałek - Bruk-Bet T. Nieciecza
K. Cybulski - Bruk-Bet T. Nieciecza
A. Jędrych - Bruk-Bet T. Nieciecza
B. Kapustka - Legia Warszawa
E. Krasniqi - Legia Warszawa
B. Fiabema - Legia Warszawa
S. Milewski - Legia Warszawa
M. Hanousek - Widzew Łódź
J. Shehu - Widzew Łódź
J. Pozo - Widzew Łódź
C. Polak - Widzew Łódź
E. Otieno - Raków Częstochowa
L. Rocha - Raków Częstochowa
D. Loncar - Raków Częstochowa
S. Mucha - Raków Częstochowa
M. Huja - Pogoń Szczecin
F. Ulvestad - Pogoń Szczecin
S. Kerk - Pogoń Szczecin
V. Popov - Pogoń Szczecin
A. Kozubal - Lech Poznań
D. Hakans - Lech Poznań
M. Gąsior - Lech Poznań
A. Jaunzems - Lech Poznań
K. Palacz - Motor Lublin
M. Scalet - Motor Lublin
C. Popielec - Motor Lublin
B. Nastic - Motor Lublin
B. Wdowik - Jagiellonia Białystok
O. Pietuszewski - Jagiellonia Białystok
J. Moutinho - Jagiellonia Białystok
F. Luberecki - Jagiellonia Białystok
M. Kuusk - GKS Katowice
A. Błąd - GKS Katowice
Nono - GKS Katowice
O. Kakabadze - GKS Katowice
J. Sypek - Zagłębie Lubin
D. Dąbrowski - Zagłębie Lubin
J. Grzesik - Zagłębie Lubin
B. Kopacz - Zagłębie Lubin
P. Stolc - Arka Gdynia
D. Kocyła - Arka Gdynia
R. Kapić - Arka Gdynia
A. Al-Ammari - Arka Gdynia
F. Plach - Piast Gliwice
M. Chrapek - Piast Gliwice
L. Flach - Piast Gliwice
A. Douglas - Piast Gliwice
M. Remacle - Korona Kielce
D. Błanik - Korona Kielce
D. Kun - Korona Kielce
J. Myszor - Korona Kielce
T. Wójtowicz - Lechia Gdańsk
T. Bobcek - Lechia Gdańsk
K. Szcześniak - Lechia Gdańsk
G. Tomasiewicz - Lechia Gdańsk
 
Statystyki odpowiedzi
Odpowiedź % Poprawnych
A. Kozubal - Lech Poznań
50%
B. Kapustka - Legia Warszawa
50%
M. Huja - Pogoń Szczecin
50%
E. Krasniqi - Legia Warszawa
47%
J. Shehu - Widzew Łódź
47%
M. Chrapek - Piast Gliwice
45%
O. Pietuszewski - Jagiellonia Białystok
45%
T. Bobcek - Lechia Gdańsk
45%
F. Plach - Piast Gliwice
42%
F. Ulvestad - Pogoń Szczecin
42%
B. Wdowik - Jagiellonia Białystok
39%
R. Janicki - Górnik Zabrze
39%
F. Hiszpański - Wisła Płock
37%
L. Rocha - Raków Częstochowa
37%
D. Błanik - Korona Kielce
34%
D. Dąbrowski - Zagłębie Lubin
34%
D. Hakans - Lech Poznań
34%
D. Kocyła - Arka Gdynia
34%
D. Szala - Górnik Zabrze
34%
E. Otieno - Raków Częstochowa
34%
J. Sypek - Zagłębie Lubin
34%
M. Remacle - Korona Kielce
34%
A. Błąd - GKS Katowice
32%
D. Piła - Cracovia
32%
C. Donis - Radomiak Radom
29%
I. Strzałek - Bruk-Bet T. Nieciecza
29%
M. Scalet - Motor Lublin
29%
A. Putivtsev - Bruk-Bet T. Nieciecza
26%
M. Kuusk - GKS Katowice
26%
J. Atanasov - Cracovia
24%
T. Wójtowicz - Lechia Gdańsk
24%
K. Palacz - Motor Lublin
21%
M. Hanousek - Widzew Łódź
18%
B. Jordao - Radomiak Radom
16%
P. Stolc - Arka Gdynia
16%
K. Pomorski - Wisła Płock
13%
Nie znaleziono quizów pasujących do podanych kryteriów
Rozkład punktacji
Procent ludzi z każdym wynikiem
Percentyl według liczby udzielonych odpowiedzi
Twoja historia wyników
Nie rozwiązałeś tego quizu od ostatniego zresetowania